| 000 | 00000nam##2200000za#4500 |
| 001 | 9.699759 |
| 003 | CaOODSP |
| 005 | 20210625000527 |
| 007 | cr ||||||||||| |
| 008 | 150407|1981||||xxc|||||o f|0| 0 eng|d |
| 040 | |aCaOODSP|beng |
| 043 | |an-cn--- |
| 086 | 1 |aCP32-40/1981E-PDF |
| 110 | 1 |aCanada. |bPrivy Council Office. |
| 245 | 10|aReport of the Commission of Inquiry into Certain Allegations Concerning Commercial Practices of the Canadian Dairy Commission / |h[electronic resource]|cCommissioner, The Honourable Mr. Justice Hugh F. Gibson ; counsel, Bruce C. McDonald, Jean-Guy Caron. |
| 246 | 15|aThe Commission of Inquiry into Certain Allegations Concerning Commercial Practices of the Canadian Dairy Commission |
| 260 | |aOttawa - Ontario : |bPrivy Council Office |cc1981. |
| 300 | |a97, 119p.|bfigs., tables |
| 500 | |aHistorical publication digitized in 20008 by Privy Council Office of Canada. |
| 504 | |aBibliography. |
| 590 | |a15-04-Supp|b2015-03-19 |
| 690 | 07|aDairy industry|2gcpds |
| 690 | 07|aCommissions of inquiry|2gcpds |
| 690 | 07|aMarketing|2gcpds |
| 775 | 08|tRapport de la Commission d'enquête sur certaines allégations concernant des transactions de la Commission canadienne du lait |w(CaOODSP)9.643736 |
| 856 | 40|ahttp://publications.gc.ca|qPDF|s7.87 MB|uhttps://publications.gc.ca/collections/collection_2014/bcp-pco/CP32-40-1981-1-eng.pdf |
| 856 | 40|ahttp://publications.gc.ca|qPDF|s9.12 MB|uhttps://publications.gc.ca/collections/collection_2014/bcp-pco/CP32-40-1981-2-eng.pdf |